000 01042nam a22002297a 4500
999 _c20651
_d20651
003 AR-CdUCM
008 190601b ||||| |||| 00| 0 spa d
040 _aMUNICIPALIDAD PROVINCIAL DEL CUSCO
_cBIBLIOTECA MUNICIPAL DEL CUSCO
082 _a793.318 /
_bA31
100 _aAguilar Luna-Victoria, Carlos
_943167
245 _aLa marinera, baile nacional del Perú :
_bAlcances teóricos para la ejecución del baile de la marinera :
_bIlustraciones e informaciones folklóricas /
260 _aLima :
_bMinisterio de Educación,
_c1989.
300 _a305 páginas ;
_c21 cm.
_bImágenes.
500 _aHistoria de la marinera y de sus variantes norteñas y limeñas, con datos sobre el tondero y las vestimentas usadas en cada lugar y oportunidad.
505 _aContenido: Breve reseña histórica de la marinera norteña -- Discusiones e historia -- Generalidades y estructura...
650 _aMarinera
_934780
650 _aMúsica
_91443
650 _aBaile
_943168
650 _aPerú
_935
942 _2ddc
_cLIBROS
945 _aJavier